banner-ar

وثائق التعليم العالى فى مصر : (Record no. 65718)

MARC details
000 -الفاتح
حقل البيانات ثابتة الطول 01211nam a22002537a 4500
005 - وقت وتاريخ اخر تعامل مع التسجيلة
رقم الضبط 20240530110839.0
008 - عناصر البيانات ثابتة الطول - معلومات عامة
حقل البيانات ثابتة الطول 191223s2004 ua f b 000 0 ara d
017 ## - رقم الايداع القانونى
رقم الايداع القانونى 2004/5028
المصدر ( الهيئة المختصة) مصر. دار الكتب
020 ## - الرقم الدولى المعيارى للكتب
الرقم الدولى المعيارى للكتاب 9771803301
040 ## - مصدر الفهرسة
وكالة الفهرسة الأصلية EG-CaGPL
وكالة النسخ EG-CaGPL
082 04 - رقم تصنيف ديوى العشرى
رقم الطبعة 21
رقم التصنيف 378.62
رقم المادة ق/ف و
100 ## - المدخل الرئيسى - إسم شخصى
الإسم الشخصى فاتن على حسن ، عبدالسلام محمود ،ايمن احمد محمد محمود
245 10 - بيان العنوان
العنوان وثائق التعليم العالى فى مصر :
بقية العنوان خلال القرن التاسع عشر/
بيان المسئوليه,etc اعداد:فاتن على حسن،عبدالسلام محمود عبدالرحمن ،ايمن احمد محمد محمود
260 ## - PUBLICATION, DISTRIBUTION, ETC. (IMPRINT)
تاريخ النشر أو التوزيع 2004
300 ## - الوصف المادى
التعداد 774ص . :
أبعاد الوعاء 29 سم.
504 ## - تبصرة ببليوجرافية
تبصرة ببليوجرافية,الخ يشتمل على ارجاعات ببليوجرافية
650 07 - المدخل الاضافى بالموضوع-مصطلح موضوعى
مصدر الرأس أو المصطلح qrmak
مصطلح موضوعي الوثائق
التقسيم الفرعي الشكلي السجلات
التقسيم الفرعي الجغرافي مصر
650 07 - المدخل الاضافى بالموضوع-مصطلح موضوعى
مصطلح موضوعي المدارس
التقسيم الفرعي الشكلي تنظيم وادارة
التقسيم الفرعي الجغرافي مصر
651 ## - المدخل الاضافى بالموضوع - اسم جغرافى
مصدر الرأس أو المصطلح qrmak
653 ## - مصطلح تكشيفى غير مقيد
مصطلح غير مقيد وثائق التعليم فى مصر
700 ## - المدخل الاضافى - اسم شخصى
الإسم الشخصى عبدالمنعم الجميعى
الدور اشراف
942 ## - عناصر المدخل الإضافي( كوها)
مصدر التصنيف او مخطط الترفيف Dewey Decimal Classification
Koha [default] item type كتاب
260 ## - PUBLICATION, DISTRIBUTION, ETC. (IMPRINT)
-- القاهرة :
-- الهيئة العامة لدار الكتب و الوثائق القومية ،
Holdings
حالة التراجع حالة الفقد حالة تلف ليس للاعارة المكان المؤقت الموقع الحالى موقع الترفيف تاريخ الاكتساب اجمالي اﻻعارات رقم الطلب الباركود تاريخ اخر مشاهدة تاريخ تفعيل السعر نوع وعاء كوها
        مكتبة القاهرة الكبرى مكتبة القاهرة الكبرى   12/23/2019   378.62 ق/ف و 166833 12/23/2019 12/23/2019 كتاب

Powered By

EGPV